India & International Physics olympiads : includes chapterwise questions of various olympiads (Record no. 12004)

000 -LEADER
fixed length control field 00491nam a22001577a 4500
008 - FIXED-LENGTH DATA ELEMENTS--GENERAL INFORMATION
fixed length control field 211103b ||||| |||| 00| 0 eng d
020 ## - INTERNATIONAL STANDARD BOOK NUMBER
International Standard Book Number 9788188222704
082 ## - DEWEY DECIMAL CLASSIFICATION NUMBER
Classification number 530.076
Item number SAU
100 ## - MAIN ENTRY--PERSONAL NAME
Personal name Saurabh, A.
245 ## - TITLE STATEMENT
Title India & International Physics olympiads : includes chapterwise questions of various olympiads
260 ## - PUBLICATION, DISTRIBUTION, ETC. (IMPRINT)
Place of publication, distribution, etc Meerut
Name of publisher, distributor, etc Arihant publications
Date of publication, distribution, etc 2011
300 ## - PHYSICAL DESCRIPTION
Extent 296p.
650 ## - SUBJECT ADDED ENTRY--TOPICAL TERM
Topical term or geographic name as entry element Physics--Competitions
650 ## - SUBJECT ADDED ENTRY--TOPICAL TERM
Topical term or geographic name as entry element Physics--Study and teaching (Secondary)
942 ## - ADDED ENTRY ELEMENTS (KOHA)
Item type Gratis Books
Holdings
Withdrawn status Lost status Source of classification or shelving scheme Damaged status Not for loan Collection code Permanent location Current location Shelving location Date acquired Full call number Barcode Date last seen Koha item type Public note
          Fiction IMU-MPC Library IMU-MPC Library General Stacks 2021-11-03 530.076 SAU MPCG0413 2025-03-17 Gratis Books Column-63
Copyright © 2021 Indian Maritime University, Mumbai Port Campus. All Rights Reserved. Managed & Maintained by Central Library, IMU-Mumbai

webs counters

Powered by Koha